| 000 | 00639cam a2200241 4500 | ||
|---|---|---|---|
| 008 | 090401t1989 xxu||||| |||| 00| 0 eng d | ||
| 020 | _a1852711051 | ||
| 035 | _a(Sirsi) u45314 | ||
| 041 | _aeng | ||
| 050 | _a624.08 | ||
| 100 | _aPowell-Smith, Vincent | ||
| 245 | 3 | _aAn engineering contract dictionary. | |
| 260 |
_aLondon _bLegal Studies & Services _c1989 |
||
| 300 | _a587p. ; 22cm. | ||
| 350 | _a26.95 | ||
| 650 | _aDIRECTORIES | ||
| 650 | _aENGINEERING CONTRACTS | ||
| 690 | _aBUILT ENVIRONMENT-BUILDING CONTRACT FORMS | ||
| 700 | _aChappell, David | ||
| 700 | _aSimmonds, Derek | ||
| 942 | _n0 | ||
| 948 | _c04/03/1997 | ||
| 999 |
_c91683 _d91683 |
||